<?xml version="1.0" encoding="UTF-8"?><?xml-stylesheet type="text/xsl" href="static/style.xsl"?><OAI-PMH xmlns="http://www.openarchives.org/OAI/2.0/" xmlns:xsi="http://www.w3.org/2001/XMLSchema-instance" xsi:schemaLocation="http://www.openarchives.org/OAI/2.0/ http://www.openarchives.org/OAI/2.0/OAI-PMH.xsd"><responseDate>2026-04-27T12:32:03Z</responseDate><request verb="GetRecord" identifier="oai:uvadoc.uva.es:10324/842" metadataPrefix="marc">https://uvadoc.uva.es/oai/request</request><GetRecord><record><header><identifier>oai:uvadoc.uva.es:10324/842</identifier><datestamp>2021-06-23T16:38:58Z</datestamp><setSpec>com_10324_30605</setSpec><setSpec>com_10324_894</setSpec><setSpec>col_10324_41</setSpec></header><metadata><record xmlns="http://www.loc.gov/MARC21/slim" xmlns:doc="http://www.lyncode.com/xoai" xmlns:xsi="http://www.w3.org/2001/XMLSchema-instance" xmlns:dcterms="http://purl.org/dc/terms/" xsi:schemaLocation="http://www.loc.gov/MARC21/slim http://www.loc.gov/standards/marcxml/schema/MARC21slim.xsd">
<leader>00925njm 22002777a 4500</leader>
<datafield tag="042" ind1=" " ind2=" ">
<subfield code="a">dc</subfield>
</datafield>
<datafield tag="720" ind1=" " ind2=" ">
<subfield code="a">Barajas Tola, Enrique</subfield>
<subfield code="e">author</subfield>
</datafield>
<datafield tag="260" ind1=" " ind2=" ">
<subfield code="c">2011</subfield>
</datafield>
<datafield tag="520" ind1=" " ind2=" ">
<subfield code="a">EL objetivo general es determinar la respuesta productiva y cualitativa de la especie Vitis vinifera L. a la variación de la distancia entre cepas, manteniendo constante la separación entre filas, en cuatro zonas vitivinícolas de Castilla y León. La variación de la distancia entre cepas pretende la aproximación a su equilibrio vegetativo-productivo para un establecimiento adecuado del viñedo, estudiando los principales parámetros agronómicos y fisiológicos a lo largo del ciclo de la vid.&#xd;
&#xd;
Las cepas fueron conducidas en espaldera en cordón Royat bilateral, con orientación Norte-Sur, y podadas en pulgares a dos yemas. Se ha mantenido la misma carga por metro de espaldera de forma que haya un pámpano por cada 10 cm en los tres tratamientos experimentales estudiados. Dichos tratamientos se han establecido manteniendo un espaciamiento entre filas de 3 m y han consistido en una distancia entre cepas de 1,2 m; de 1,5 m y de 1,8 m.</subfield>
</datafield>
<datafield tag="024" ind2=" " ind1="8">
<subfield code="a">http://uvadoc.uva.es/handle/10324/842</subfield>
</datafield>
<datafield tag="024" ind2=" " ind1="8">
<subfield code="a">b1617632</subfield>
</datafield>
<datafield tag="024" ind2=" " ind1="8">
<subfield code="a">10.35376/10324/842</subfield>
</datafield>
<datafield ind1=" " ind2=" " tag="653">
<subfield code="a">Uvas-Variedades-Cultivo-Calidad-España-Duero, Valle del</subfield>
</datafield>
<datafield ind1=" " ind2=" " tag="653">
<subfield code="a">Viticultura-España-Duero, Valle del</subfield>
</datafield>
<datafield tag="245" ind1="0" ind2="0">
<subfield code="a">Comportamiento fisiológico y agronómico y calidad de la uva de la variedad Tempranillo, en función de la distancia entre cepas, en el valle del río Duero</subfield>
</datafield>
</record></metadata></record></GetRecord></OAI-PMH>